000 00637nam a2200193Ia 4500
003 GCL
008 140319s9999 xx 000 0 ara d
040 _aGCL /
_cGCL
082 0 4 _aد
_b050
_bد هـ
245 1 0 _aالهلال اغسطس -2006: يعقوبيان الرواية والفيلم
260 _aالقاهرة :
_bدار الهلال للطباعة والنشر ،
_c2006
650 0 4 _aالادب العربى
650 0 4 _aالقصص العربية
650 0 4 _aالشعر
650 0 4 _aالافلام
650 0 4 _aيوسف ادريس
650 0 4 _aالروايةالعربية - تاريخ ونقد
942 _2ddc
_cCR
999 _c8802
_d8802